00605cam a22001932 4500001001100000005001700011008004100028020001700069040001500086245004800101246004900149260003100198300000700229310001100236362003100247650007400278650005600352852000300408000002460120151217152305.0140113s xx 000 0 eng d a0199545261 : aKABUcKABU14aThe Yearbook of European environmental law.3 aThe Yearbook of European environmental law : aOxford :bO. U. P.,c2008. av. aAnnual0 aCeased with: v. 8 (2008)?. 0aEnvironmental lawzEuropean Union countriesvPeriodicals.@0000174777 0aEnvironmental lawvPeriodicalszEurope.@00001849501